01733nam a2200277 i 450000100060000000300090000600500170001500700030003200800410003510000390007624502060011526000930032130000590041449001070047349001010058050001050068165000730078665100460085970000440090571000840094983001150103383001090114885200340125799900170129195201470130869639ES-MaACL20250826111450.0t|040708s1939 mr ||||1| spa d1 aGarcía Figueras, Tomás.95461510aDos expedientes de abastecimiento de Maragán, Tánger y Ceuta por factores portugueses del puerto de Santa María (1563-1567) / cpresentados por Tomás García Figueras e Hipólito Sancho Mayi. aTánger : b[Instituto General Franco], c1939 (eLarache : fArtes Gráficas Boscá) aVIII, 86 p., 1 map. pleg., [1] h. de lám. ; c25 cm.1 aPublicaciones del Instituto General Franco. Sección 3ª, Utilización de Archivos Españoles ; v11 aDocumentos para el estudio del abastecimiento de las plazas portuguesas desde el sur de España aPrecede al tít.: Publicaciones del Instituto General Franco para la Investigación Hispano-Arabe. 4aAlimentos-xAbastecimiento-zMarruecos-vHistoria-vFuentes.9165988 4aMarruecos-xHistoria-y1516-1830.91659891 aSancho, Hipólito, d1893-196491030262 aInstituto General Franco de Estudios e Investigación Hispano-Árabe.91491970 aPublicaciones del Instituto General Franco. Sección 3ª, Utilización de Archivos Españoles ; v192310020 aDocumentos para el estudio del abastecimiento de las plazas portuguesas desde el sur de España9231003 aES-MaACLj1759-F-22 bR.19009 c69639d69639 001040708Colección_de_folletosaATENEOMbATENEOMcDEPOFd2008-01-17eSCl0o1759-F-22p1072919r2023-02-23 00:00:00w2023-02-23yFOLLETOS